UBT Library

Single-subject experimental research : (Record no. 43035)

000 -LEADER
fixed length control field 00749pam a2200229 a 4500
001 - CONTROL NUMBER
control field 2071232
005 - DATE AND TIME OF LATEST TRANSACTION
control field 20180221051251.0
008 - FIXED-LENGTH DATA ELEMENTS--GENERAL INFORMATION
fixed length control field 941221s1995 deua b 001 0 eng
010 ## - LIBRARY OF CONGRESS CONTROL NUMBER
LC control number 94045949
020 ## - INTERNATIONAL STANDARD BOOK NUMBER
International Standard Book Number 0872071286
040 ## - CATALOGING SOURCE
Original cataloging agency DLC
Transcribing agency DLC
Modifying agency DLC
041 ## - LANGUAGE CODE
Language code of text/sound track or separate title eng
080 ## - UNIVERSAL DECIMAL CLASSIFICATION NUMBER
Universal Decimal Classification number 370/.78 SUS
082 00 - DEWEY DECIMAL CLASSIFICATION NUMBER
Classification number 370/.78 SUS
Edition number 20
100 ## - Rafti
Rafti 47
101 ## - Shkurtesa
Shkurtesa EDU
245 00 - TITLE STATEMENT
Title Single-subject experimental research :
Statement of responsibility, etc Susan B. Neuman and Sandra McCormick, editors.
504 ## - BIBLIOGRAPHY, ETC. NOTE
Bibliography, etc Includes bibliographical references and indexes.
906 ## - LOCAL DATA ELEMENT F, LDF (RLIN)
a 7
b cbc
c orignew
d 1
e ocip
f 19
g y-gencatlg
942 ## - ADDED ENTRY ELEMENTS (KOHA)
Source of classification or shelving scheme
Item type Books
Holdings
Withdrawn status Lost status Source of classification or shelving scheme Damaged status Not for loan Collection code Permanent location Current location Shelving location Date acquired Total Checkouts Full call number Barcode Date last seen Price effective from Koha item type
          Koleksioni i përgjithshem UBT - Lipjan UBT - Lipjan Koleksioni i përgjithshem 02/21/2018   370/.78 SUS 002-2999804 02/21/2018 02/21/2018 Books
UBT Library © 2015-2024. All rights reserved University Education for Business and Technology